| 000 | 00804nam a2200253 a 4500 | ||
|---|---|---|---|
| 001 | 000047549 | ||
| 003 | DO-SdBNP | ||
| 005 | 20250716102441.0 | ||
| 007 | ta | ||
| 008 | 180626s2016 dr 000 0 spa d | ||
| 020 | _a9789945582390 | ||
| 040 |
_aDO-SdBNP _bspa _cBNPHU |
||
| 082 | 4 |
_aRD861.44 _bM991p _222 |
|
| 100 | 1 |
_aMustonen, Pablo Jorge _d1963- _975184 |
|
| 245 | 1 | 0 |
_aPrimavera / _cPablo Jorge Mustonen. |
| 260 |
_aSanto Domingo, República Dominicana : _bBanco Central, _c2016. |
||
| 300 |
_a165 p. ; _c24 cm. |
||
| 490 | 0 |
_aBanco Central de la República Dominicana _v227 |
|
| 500 | _aIncluye datos biográficos del autor en la solapa de la cubierta | ||
| 590 | _aInventariado, 2019/VM | ||
| 710 | 2 |
_aBanco Central de la República Dominicana _983405 |
|
| 910 | _aDG | ||
| 942 |
_2ddc _cLBS1 |
||
| 999 |
_c47037 _d47037 |
||